[Event "HUN-ch Rapid 2018"]
[Site "Ajka"]
[Date "2018.07.21"]
[Round "6"]
[White "Egresi, Mate"]
[Black "Bagi, Mate"]
[Result "0-1"]
[WhiteElo "2280"]
[BlackElo "2394"]
[Annotator "NA RC"]
[PlyCount "66"]
[EventDate "2018.07.20"]
[EventType "swiss"]
[EventCountry "HUN"]
[SourceTitle "playchess.com"]
[Source "ChessBase"]
[SourceQuality "1"]
[TimeControl "1200+5"]

1. d4 {[%emt 0:00:02]} Nf6 {[%emt 0:00:03]} 2. c4 {[%emt 0:00:03]} c5 {[%emt 0:00:15]} 3. d5 {[%emt 0:00:06]} e6 {[%emt 0:00:03]} 4. Nc3 {[%emt 0:00:02]} exd5 {[%emt 0:00:01]} 5. cxd5 {[%emt 0:00:02]} d6 {[%emt 0:00:03]} 6. Nf3 {[%emt 0:00:01]} g6 {[%emt 0:00:07]} 7. Nd2 {[%emt 0:00:03]} Nbd7 {[%emt 0:00:08]} 8. e4 {[%emt 0:00:08]} Bg7 {[%emt 0:00:04]} 9. Be2 {[%emt 0:00:07]} O-O {[%emt 0:00:03]} 10. O-O {[%emt 0:00:03]} Re8 {[%emt 0:00:29]} 11. Qc2 {[%emt 0:00:18]} Ne5 {[%emt 0:00:16]} 12. h3 {[%emt 0:00:16]} g5 {[%emt 0:00:21]} 13. Nf3 {[%emt 0:01:07]} Nxf3+ {[%emt 0:01:00]} 14. Bxf3 {[%emt 0:00:03]} g4 {[%emt 0:00:53]} 15. hxg4 {[%emt 0:00:13]} Nxg4 {[%emt 0:00:35]} 16. Bf4 {[%emt 0:01:19]} a6 {[%emt 0:01:28]} 17. a4 {[%emt 0:00:03]} Qf6 {[%emt 0:00:34]} 18. Qd2 {[%emt 0:05:02]} Qg6 {[%emt 0:00:25]} 19. Ra3 {[%emt 0:00:55]} Ne5 {[%emt 0:00:31]} 20. Be2 {[%emt 0:00:35]} f5 {[%emt 0:00:55]} 21. exf5 {[%emt 0:00:49]} Bxf5 {[%emt 0:00:04]} 22. Nd1 {[%emt 0:00:16]} Kh8 {[%emt 0:01:14]} 23. Rg3 {[%emt 0:00:18]} Qf7 {[%emt 0:00:04]} 24. Ne3 {[%emt 0:01:27]} Bd7 {[%emt 0:02:12]} 25. Ng4 {[%emt 0:02:25]} Nxg4 {[%emt 0:01:17]} 26. Bxg4 {[%emt 0:00:06]} Bxg4 {[%emt 0:00:02]} 27. Rxg4 {[%emt 0:00:04]} Re4 {[%emt 0:00:03]} 28. g3 {[%emt 0:01:24]} Rd4 {[%emt 0:00:29]} 29. Qc2 {[%emt 0:00:02]} Rxd5 {[%emt 0:00:40]} 30. Kg2 {[%emt 0:01:36]} Rh5 {[%emt 0:01:06]} 31. Bxd6 {[%emt 0:01:08]} Qd7 {[%emt 0:03:05]} 32. Qd1 {[%emt 0:00:23]} Qc6+ {[%emt 0:00:34]} 33. f3 {[%emt 0:00:19]} Rd5 {[%emt 0:00:07]} 0-1

[Event "HUN-ch Rapid 2018"]
[Site "Ajka"]
[Date "2018.07.21"]
[Round "6"]
[White "Hardicsay, Peter"]
[Black "Czebe, Attila"]
[Result "0-1"]
[WhiteElo "2267"]
[BlackElo "2488"]
[Annotator "TA"]
[PlyCount "52"]
[EventDate "2018.07.20"]
[EventType "swiss"]
[EventCountry "HUN"]
[SourceTitle "playchess.com"]
[Source "ChessBase"]
[SourceQuality "1"]

{[%evp 11,52,20,14,18,15,15,19,21,23,17,40,18,40,54,47,-54,-57,-131,-141,-161,-146,-198,-187,-203,-203,-209,-183,-210,-203,-194,-187,-230,-235,-255,-247,-256,-212,-443,-438,-712,-646,-780,-699]} 1. e4 g6 2. d4 d6 3. Nf3 Bg7 4. Nc3 a6 5. a4 Nf6 6. Bc4 {B06: Modern Defence} (6. Be2 O-O 7. O-O Nc6 8. h3 e5 9. d5 Ne7 10. a5 Nh5 11. Re1 h6 12. Bf1 Nf4 13. Ra3 g5 14. Ne2 Neg6 15. Ng3 Ne7 16. c4 f5 {1-0 (54) Matlakov,M (2694)-Mamedov,R (2688) Tallinn 2016}) 6... O-O {LiveBook: 13 Games} 7. Bb3 Bg4 $146 ({Predecessor:} 7... Nc6 8. h3 e5 9. dxe5 dxe5 10. Bg5 Nd4 11. Nxd4 exd4 12. Ne2 Re8 {0-1 (37) Ansat,A (1855)-Benidze,D (2476) Cubuk 2017}) 8. Be3 {The position is equal.} Nc6 9. h3 Bxf3 10. Qxf3 Nd7 11. Rd1 Na5 12. Ba2 b5 13. b4 ({White should try} 13. h4 $14) 13... Nc6 $1 $15 {[%cal Ba5c6,Bc6b4,Bb4c2][%mdl 32]} 14. Bd5 (14. axb5 $15 Nxb4 15. Bb3) 14... Nxb4 $17 15. Bxa8 {[#] aiming for Bb7.} Nxc2+ 16. Kd2 (16. Kf1 $17 {was worth a try.} Qxa8 17. h4) 16... Nxe3 $19 17. fxe3 {And now Bc6 would win.} ({Much worse is} 17. Kxe3 Qxa8 18. axb5 axb5 $17) 17... Qxa8 18. axb5 axb5 {[%cal Ba6b5,Bb5b4,Bb4b3][%mdl 32]} 19. Ra1 {[#]} Qb7 $1 20. Rhb1 c6 {[%cal Bc7c6,Bc6c5,Bc5c4][%mdl 32]} 21. Ra2 b4 22. Ne2 c5 ({Not} 22... b3 23. Rab2 $17) 23. Ke1 b3 24. Rd2 $2 (24. Ra4 {only move.}) 24... Qb4 {Black is clearly winning.} 25. Kd1 (25. Nf4 $142 Nb6 26. Qd1) 25... c4 26. Rdb2 Nb6 {Precision: White = 38%, Black = 57%.} 0-1

[Event "HUN-ch Rapid 2018"]
[Site "Ajka"]
[Date "2018.07.21"]
[Round "6"]
[White "Mihok, Laszlo"]
[Black "Gledura, Benjamin"]
[Result "0-1"]
[WhiteElo "2066"]
[BlackElo "2574"]
[Annotator "TA"]
[PlyCount "52"]
[EventDate "2018.07.20"]
[EventType "swiss"]
[EventCountry "HUN"]
[SourceTitle "playchess.com"]
[Source "ChessBase"]
[SourceQuality "1"]

{[%evp 15,52,-31,-31,-87,-85,-128,-76,-119,-114,-115,-83,-143,-141,-147,-135,-135,-135,-153,-129,-302,-290,-589,-589,-576,-569,-534,-508,-647,-636,-629,-605,-824,-814,-2660,-2331,-29994,-29993,-29995,-29996]} 1. d4 Nf6 2. Bg5 d5 3. e3 c5 4. Nf3 Nc6 5. c3 Qb6 (5... Ne4 6. Bh4 Qb6 7. Qc1 Bf5 8. Nbd2 e6 9. Be2 Rc8 10. O-O h6 11. Nxe4 Bxe4 12. Nd2 Bg6 13. dxc5 Bxc5 14. b4 Bd6 15. Qb2 O-O {½-½ (66) Sjugirov,S (2665)-Ehlvest,J (2524) Almaty 2016}) 6. Qb3 {D02: 1 d4 d5 2 Nf3 sidelines, including 2...Nf6 3 g3 and 2...Nf6 3 Bf4} c4 7. Qxb6 axb6 8. Nbd2 b5 {LiveBook: 3 Games} 9. b4 $146 (9. Be2 $15) ({Predecessor:} 9. Be2 e6 10. O-O b4 11. Bxf6 gxf6 12. e4 bxc3 13. bxc3 {½-½ (76) Cebalo,M (2407)-Shyam,S (2530) Zalakaros 2016}) 9... Bf5 10. Nh4 Bc2 (10... Ne4 $142 11. f3 Nxd2 12. Kxd2 Bd7) 11. a3 Ne4 12. Nxe4 dxe4 13. Bf4 ({White should try} 13. d5 Ne5 14. Nf5) 13... e6 $17 14. Kd2 Bd3 $36 {[%mdl 2048] White must now prevent ...Bxf1. Black has strong initiative.} 15. g4 Be7 {[%cal Bf8e7,Be7b4,Bb4c3][%mdl 32]} 16. Ng2 Kd7 17. Ne1 $2 {[#]} (17. Bxd3 $17 {keeps fighting.} exd3 18. e4) 17... Nxb4 $1 $19 {[%mdl 512]} 18. cxb4 $2 {[#]} (18. Bxd3 exd3 19. e4) (18. axb4 Rxa1) 18... Bxb4+ $1 {[%mdl 512]} 19. Kd1 (19. axb4 Rxa1) 19... Bc3 20. Rc1 Rxa3 21. f3 {and the idea fxe4 leaves White hopeful.} b4 {[%cal Bb5b4,Bb4c3][%mdl 32]} 22. fxe4 Bxe4 {And now ...Ra2 would win.} 23. Rg1 Ra2 {[%csl Gc3][%cal Ra2d2]} 24. Rxc3 bxc3 25. Bxc4 Rd2+ 26. Kc1 Ra8 {Precision: White = 24%, Black = 89%.} 0-1

[Event "HUN-ch Rapid 2018"]
[Site "Ajka"]
[Date "2018.07.21"]
[Round "6"]
[White "Miszler, Levente"]
[Black "Galyas, Miklos"]
[Result "0-1"]
[WhiteElo "1809"]
[BlackElo "2382"]
[Annotator "NA RC"]
[PlyCount "68"]
[EventDate "2018.07.20"]
[EventType "swiss"]
[EventCountry "HUN"]
[SourceTitle "playchess.com"]
[Source "ChessBase"]
[SourceQuality "1"]
[TimeControl "1200+5"]

1. Nf3 {[%emt 0:00:03]} d6 {[%emt 0:00:35]} 2. c4 {[%emt 0:00:03]} e5 {[%emt 0:00:09]} 3. d3 {[%emt 0:00:03]} f5 {[%emt 0:00:05]} 4. g3 {[%emt 0:00:03]} Nf6 {[%emt 0:00:01]} 5. Bg2 {[%emt 0:00:02]} g6 {[%emt 0:00:01]} 6. Nc3 {[%emt 0:00:04]} Bg7 {[%emt 0:00:02]} 7. O-O {[%emt 0:00:03]} O-O {[%emt 0:00:03]} 8. Rb1 {[%emt 0:00:06]} a5 {[%emt 0:00:31]} 9. a3 {[%emt 0:00:02]} Nc6 {[%emt 0:00:27]} 10. b4 {[%emt 0:00:10]} axb4 {[%emt 0:00:01]} 11. axb4 {[%emt 0:00:01]} Kh8 {[%emt 0:00:01]} 12. b5 {[%emt 0:01:08]} Ne7 {[%emt 0:00:01]} 13. Nd2 {[%emt 0:00:16]} h6 {[%emt 0:01:36]} 14. Bb2 {[%emt 0:01:09]} g5 {[%emt 0:00:05]} 15. Ra1 {[%emt 0:00:51]} Rb8 {[%emt 0:00:05]} 16. Qa4 {[%emt 0:00:27]} Be6 {[%emt 0:01:01]} 17. Qa7 {[%emt 0:00:31]} Qc8 {[%emt 0:00:31]} 18. Rfc1 {[%emt 0:01:09]} f4 {[%emt 0:02:56]} 19. Nde4 {[%emt 0:01:46]} Bh3 {[%emt 0:01:24]} 20. Nxf6 {[%emt 0:01:26]} Bxg2 {[%emt 0:00:47]} 21. Kxg2 {[%emt 0:00:15]} Bxf6 {[%emt 0:01:33]} 22. Nd5 {[%emt 0:00:26]} Nxd5 {[%emt 0:04:42]} 23. cxd5 {[%emt 0:00:02]} Qd7 {[%emt 0:00:42]} 24. b6 {[%emt 0:00:46]} cxb6 {[%emt 0:00:22]} 25. Qxb6 {[%emt 0:00:11]} Rbc8 {[%emt 0:00:32]} 26. Ba3 {[%emt 0:00:18]} e4 {[%emt 0:00:54]} 27. Rab1 {[%emt 0:00:59]} f3+ {[%emt 0:00:07]} 28. exf3 {[%emt 0:00:02]} exf3+ {[%emt 0:00:01]} 29. Kh1 {[%emt 0:00:01]} Be5 {[%emt 0:01:18]} 30. d4 {[%emt 0:00:42]} Bg7 {[%emt 0:00:13]} 31. Rd1 {[%emt 0:04:21]} Rc2 {[%emt 0:00:16]} 32. Rb2 {[%emt 0:00:28]} Qh3 {[%emt 0:00:01]} 33. Rg1 {[%emt 0:00:14]} Rc1 {[%emt 0:00:01]} 34. Rb1 {[%emt 0:00:08]} Qg2# {[%emt 0:00:01]} 0-1

[Event "HUN-ch Rapid 2018"]
[Site "Ajka"]
[Date "2018.07.21"]
[Round "6"]
[White "Udvardi, Zalan"]
[Black "Papp, Gellert"]
[Result "0-1"]
[WhiteElo "1795"]
[BlackElo "2324"]
[Annotator "NA"]
[PlyCount "74"]
[EventDate "2018.07.20"]
[EventType "swiss"]
[EventCountry "HUN"]
[SourceTitle "playchess.com"]
[Source "ChessBase"]
[SourceQuality "1"]
[TimeControl "1200+5"]

1. e4 {[%emt 0:00:19]} c5 {[%emt 0:01:51]} 2. c3 {[%emt 0:00:05]} d6 {[%emt 0:00:08]} 3. d4 {[%emt 0:00:05]} Nf6 {[%emt 0:00:01]} 4. Bd3 {[%emt 0:00:30]} g6 {[%emt 0:00:01]} 5. Nf3 {[%emt 0:00:12]} Bg7 {[%emt 0:00:04]} 6. h3 {[%emt 0:01:05]} O-O {[%emt 0:00:03]} 7. Be3 {[%emt 0:00:01]} Na6 {[%emt 0:03:31]} 8. a3 {[%emt 0:05:14]} b6 {[%emt 0:01:21]} 9. Qe2 {[%emt 0:00:10]} Nc7 {[%emt 0:00:06]} 10. O-O {[%emt 0:00:05]} Bb7 {[%emt 0:00:05]} 11. Nbd2 {[%emt 0:00:08]} Nh5 {[%emt 0:02:58]} 12. Rad1 {[%emt 0:03:19]} e5 {[%emt 0:01:55]} 13. dxe5 {[%emt 0:00:40]} dxe5 {[%emt 0:00:02]} 14. Nc4 {[%emt 0:00:10]} Qe7 {[%emt 0:00:05]} 15. b4 {[%emt 0:02:08]} Ne6 {[%emt 0:01:20]} 16. g3 {[%emt 0:00:33]} cxb4 {[%emt 0:00:20]} 17. cxb4 {[%emt 0:00:34]} Nd4 {[%emt 0:01:24]} 18. Nxd4 {[%emt 0:01:04]} exd4 {[%emt 0:00:02]} 19. Bc1 {[%emt 0:00:02]} Rae8 {[%emt 0:00:34]} 20. Rfe1 {[%emt 0:01:06]} Qd7 {[%emt 0:02:19]} 21. Qg4 {[%emt 0:02:35]} f5 {[%emt 0:00:08]} 22. exf5 {[%emt 0:00:23]} Qd5 {[%emt 0:00:01]} 23. f3 {[%emt 0:00:38]} Nf6 {[%emt 0:00:06]} 24. Qf4 {[%emt 0:00:19]} g5 {[%emt 0:00:49]} 25. Qd2 {[%emt 0:00:31]} Qxf3 {[%emt 0:00:01]} 26. Qh2 {[%emt 0:00:02]} Rxe1+ {[%emt 0:00:04]} 27. Rxe1 {[%emt 0:00:01]} Qxd3 {[%emt 0:00:01]} 28. Nd6 {[%emt 0:00:03]} Ba8 {[%emt 0:00:21]} 29. Bxg5 {[%emt 0:00:01]} Qf3 {[%emt 0:00:36]} 30. Rf1 {[%emt 0:00:15]} Qd5 {[%emt 0:00:03]} 31. g4 {[%emt 0:00:03]} Rd8 {[%emt 0:00:12]} 32. Bf4 {[%emt 0:00:06]} Bf8 {[%emt 0:00:01]} 33. g5 {[%emt 0:00:07]} Nh5 {[%emt 0:00:09]} 34. g6 {[%emt 0:00:06]} Nxf4 {[%emt 0:00:08]} 35. gxh7+ {[%emt 0:00:08]} Kh8 {[%emt 0:00:06]} 36. Rxf4 {[%emt 0:00:06]} Bxd6 {[%emt 0:00:03]} 37. Qg3 {[%emt 0:00:04]} Bxf4 0-1

[Event "HUN-ch Rapid 2018"]
[Site "Ajka"]
[Date "2018.07.21"]
[Round "6"]
[White "Mako, Zoltan"]
[Black "Martini, Balazs"]
[Result "0-1"]
[WhiteElo "1782"]
[BlackElo "2295"]
[Annotator "NA"]
[PlyCount "68"]
[EventDate "2018.07.20"]
[EventType "swiss"]
[EventCountry "HUN"]
[SourceTitle "playchess.com"]
[Source "ChessBase"]
[SourceQuality "1"]
[TimeControl "1200+5"]

1. e4 {[%emt 0:00:00]} c5 {[%emt 0:01:21]} 2. Nf3 {[%emt 0:00:05]} Nc6 {[%emt 0:00:01]} 3. d4 {[%emt 0:00:09]} cxd4 {[%emt 0:00:03]} 4. Nxd4 {[%emt 0:00:02]} e5 {[%emt 0:00:01]} 5. Nb5 {[%emt 0:00:17]} d6 {[%emt 0:00:02]} 6. N1c3 {[%emt 0:00:18]} a6 {[%emt 0:00:03]} 7. Na3 {[%emt 0:00:03]} b5 {[%emt 0:00:02]} 8. Nd5 {[%emt 0:00:17]} Nge7 {[%emt 0:00:04]} 9. c4 {[%emt 0:01:42]} Nd4 {[%emt 0:00:02]} 10. Be3 {[%emt 0:00:34]} Nxd5 {[%emt 0:00:11]} 11. Bxd4 {[%emt 0:02:22]} Qa5+ {[%emt 0:01:17]} 12. Qd2 {[%emt 0:00:05]} Qxd2+ {[%emt 0:00:05]} 13. Kxd2 {[%emt 0:00:02]} Nf6 {[%emt 0:00:01]} 14. Be3 {[%emt 0:01:29]} Nxe4+ {[%emt 0:00:04]} 15. Ke1 {[%emt 0:00:02]} b4 {[%emt 0:02:34]} 16. Nc2 {[%emt 0:00:03]} a5 {[%emt 0:00:06]} 17. Rd1 {[%emt 0:01:31]} Be7 {[%emt 0:01:06]} 18. c5 {[%emt 0:03:53]} Nxc5 {[%emt 0:02:55]} 19. Bxc5 {[%emt 0:00:02]} dxc5 {[%emt 0:00:02]} 20. Bb5+ {[%emt 0:00:01]} Kf8 {[%emt 0:00:01]} 21. Ne3 {[%emt 0:00:16]} Ba6 {[%emt 0:02:23]} 22. Ba4 {[%emt 0:00:19]} Rd8 {[%emt 0:01:48]} 23. Nd5 {[%emt 0:00:51]} f6 {[%emt 0:02:03]} 24. f4 {[%emt 0:03:58]} exf4 {[%emt 0:01:06]} 25. Nxf4 {[%emt 0:00:07]} Kf7 {[%emt 0:00:08]} 26. Kf2 {[%emt 0:00:22]} Bd6 {[%emt 0:01:13]} 27. Nd5 {[%emt 0:01:00]} Be5 {[%emt 0:00:07]} 28. Rd2 {[%emt 0:00:22]} Bc4 {[%emt 0:01:10]} 29. Bc6 {[%emt 0:00:14]} Rd6 {[%emt 0:00:24]} 30. b3 {[%emt 0:00:37]} Ba6 {[%emt 0:00:02]} 31. Ba4 {[%emt 0:00:56]} Rhd8 {[%emt 0:00:07]} 32. Rhd1 {[%emt 0:00:02]} Bc3 {[%emt 0:00:21]} 33. Nxc3 {[%emt 0:00:27]} Rxd2+ {[%emt 0:00:11]} 34. Rxd2 {[%emt 0:00:01]} Rxd2+ {[%emt 0:00:01]} 0-1

[Event "HUN-ch Rapid 2018"]
[Site "Ajka"]
[Date "2018.07.21"]
[Round "7"]
[White "Almasi, Zoltan"]
[Black "Papp, Gabor"]
[Result "1/2-1/2"]
[WhiteElo "2650"]
[BlackElo "2574"]
[Annotator "TA"]
[PlyCount "96"]
[EventDate "2018.07.20"]
[EventType "swiss"]
[EventCountry "HUN"]
[SourceTitle "playchess.com"]
[Source "ChessBase"]
[SourceQuality "1"]

{[%evp 27,96,70,79,79,73,76,70,75,72,74,67,68,72,80,64,72,67,80,66,74,72,90,89,80,82,76,97,83,95,81,90,92,144,135,226,239,232,222,183,23,20,23,16,17,114,8,8,0,3,0,0,0,0,0,0,0,67,8,8,8,8,8,8,0,0,-60,-8,-8,0,-8,0]} 1. Nf3 c5 2. c4 g6 3. d4 cxd4 4. Nxd4 Nc6 5. e4 Nf6 6. Nc3 d6 7. Be2 Nxd4 8. Qxd4 Bg7 9. Be3 O-O 10. Qd2 a5 {[%cal Ba7a5,Ba5a4][%mdl 32] B36: Sizilianisch (Maroczy-Aufbau)} 11. Rd1 a4 12. O-O Qa5 13. Bd4 Be6 14. f4 {[%cal Bf2f4,Bf4f5][%mdl 32]} Rfc8 {LiveBook: 30 Partien} (14... Rac8 15. b3 axb3 16. axb3 b5 17. Bxf6 Bxf6 18. Nxb5 Qxd2 19. Rxd2 Ra8 20. Nc7 Ra3 21. Nxe6 fxe6 {1-0 (58) Yu,Y (2759)-Bu,X (2718) Hangzhou 2018}) 15. b3 $1 axb3 16. axb3 Qb4 17. f5 Bd7 18. Bxf6 Bxf6 {[#]} 19. Nd5 $146 Qxd2 $1 ({Falsch wäre} 19... Qxb3 $2 20. fxg6 hxg6 21. Rxf6 $18) 20. Nxf6+ ({Bitte nicht} 20. Rxd2 Bg5 $11) 20... exf6 21. Rxd2 Bc6 22. fxg6 hxg6 23. Rxf6 Bxe4 24. Rfxd6 Ra3 25. b4 {[%cal Bb3b4,Bb4b5][%mdl 32]} Rb3 26. b5 Rc5 27. R6d4 Re5 28. Bf1 (28. Bg4 {keeps more tension.} f5 29. Bd1 Rb4 30. Kf2 Kg7 31. h4) 28... Bf5 29. Re2 Rxe2 (29... Rc5 $142) 30. Bxe2 $16 {[%mdl 4096] Endspiel KTL-KTL} Be6 {[#]} (30... Kg7 $16) 31. Rd8+ $1 $18 Kg7 {[#]} 32. Rb8 $1 Rb4 33. c5 $2 (33. Rxb7 $18 {Und c5 würde nun gewinnen.} Bxc4 34. Bxc4 Rxc4 35. Kf2) 33... Rb2 $11 34. Bf1 Bd5 35. Rd8 Be4 (35... Be6 $1 $11) 36. Rd7 (36. Rd4 $16 Bf5 37. c6 bxc6 38. bxc6) 36... Kf6 37. Rc7 Ke6 38. h4 f5 39. Rg7 Kf6 40. Rc7 f4 41. Rc8 Kf5 (41... Rc2 $11) 42. c6 (42. h5 $1 $14 Kg5 43. Re8) 42... bxc6 43. bxc6 Rc2 44. c7 Kg4 45. Re8 Bf5 46. Re7 ({Besser ist} 46. Rh8 $11) 46... Kxh4 (46... Kg3 $1 $15) 47. Kh2 f3 48. Kg1 Kg3 {Precision: Weiß = 52%, Schwarz = 50%.} 1/2-1/2

[Event "HUN-ch Rapid 2018"]
[Site "Ajka"]
[Date "2018.07.21"]
[Round "7"]
[White "Balog, Imre"]
[Black "Erdos, Viktor"]
[Result "1-0"]
[WhiteElo "2613"]
[BlackElo "2617"]
[Annotator "TA"]
[PlyCount "75"]
[EventDate "2018.07.20"]
[EventType "swiss"]
[EventCountry "HUN"]
[SourceTitle "playchess.com"]
[Source "ChessBase"]
[SourceQuality "1"]

{[%evp 12,75,0,-2,0,0,88,84,77,75,194,170,169,155,181,175,197,206,195,193,257,251,347,123,222,221,227,212,215,200,221,222,293,308,274,234,231,230,303,285,325,375,431,424,423,423,418,282,500,483,483,326,300,266,705,699,29984,29985,29986,29987,29987,29988,29988,29989,29989,29990]} 1. d4 Nf6 2. Bg5 d5 3. Nf3 c5 4. Bxf6 gxf6 5. e3 Nc6 6. c4 {D00: 1 d4 d5: Unusual lines} cxd4 7. cxd5 {LiveBook: 3 Games} (7. exd4 e5 8. Nc3 Bb4 9. cxd5 Qxd5 10. dxe5 Qxd1+ 11. Rxd1 Nxe5 12. Nxe5 fxe5 13. Bc4 Ke7 {½-½ (37) Mamedyarov,S (2808)-Vachier Lagrave,M (2789) Leuven 2018}) 7... Qa5+ 8. Qd2 $1 {The position is equal.} dxe3 $146 {[#]} (8... Qxd2+ $11 9. Kxd2 dxe3+ 10. fxe3 Ne5) ({Predecessor:} 8... Qxd2+ 9. Nbxd2 dxe3 10. fxe3 Nb4 11. Rc1 Nxd5 12. e4 Nb4 13. Bb5+ Bd7 14. Bxd7+ Kxd7 {0-1 (34) Fontaine,R (2524)-Tkachiev,V (2642) Cannes 2006}) 9. Qxa5 $1 $16 Nxa5 10. b4 f5 (10... exf2+ $16 11. Kxf2 e5 12. Bb5+ (12. bxa5 Bc5+ 13. Ke2 e4 $11) 12... Kd8) 11. Nc3 {[%cal Bb1c3,Bc3d1,Bd1f2][%mdl 32]} ({But not} 11. bxa5 $2 Bg7 $19) 11... e6 {[#]} 12. Rb1 $1 $36 {[%mdl 2048] White is really pushing.} Bd7 13. bxa5 Rc8 14. Nd1 ({Inferior is} 14. Rxb7 Rxc3 15. fxe3 Rxe3+ 16. Be2 Kd8 $11) 14... exf2+ 15. Nxf2 Rc2 (15... Rc5 {was necessary.} 16. Rxb7 Rxd5) 16. Rxb7 $18 Rxa2 17. Bb5 $2 (17. Ne5 $18 Ba4 18. Bc4 Ra1+ 19. Ke2 Rxh1 20. Nxh1) 17... Bxb5 (17... Bb4+ $16 {was worth a try.} 18. Kf1 Bxb5+ 19. Rxb5 Bxa5) 18. Rxb5 {And now 0-0 would win.} Rxa5 19. Rb8+ Ke7 20. dxe6 fxe6 21. O-O Bg7 22. Rb7+ Kf6 23. Nd4 Re8 24. Nc6 Ra4 25. Nd3 Bf8 26. Nde5 Bc5+ 27. Kh1 Bd6 28. Rf7+ Kg5 29. Rxh7 Kf6 $2 (29... Bxe5 30. Nxe5 Kf6) 30. Rf7+ Kg5 31. Rg7+ Kh6 32. Rd7 Bc5 $2 {[#]} (32... Bxe5 33. Nxe5 Kg5) 33. g4 $1 fxg4 34. Rf6+ {White mates.} Kg5 35. Rg6+ Kf5 36. Rf7+ Ke4 37. Rxg4+ Kd5 38. Rxa4 {Precision: White = 74%, Black = 36%.} 1-0

[Event "HUN-ch Rapid 2018"]
[Site "Ajka"]
[Date "2018.07.21"]
[Round "7"]
[White "Gledura, Benjamin"]
[Black "Deak, Sandor"]
[Result "1-0"]
[WhiteElo "2574"]
[BlackElo "2335"]
[Annotator "TA"]
[PlyCount "61"]
[EventDate "2018.07.20"]
[EventType "swiss"]
[EventCountry "HUN"]
[SourceTitle "playchess.com"]
[Source "ChessBase"]
[SourceQuality "1"]

{[%evp 32,61,60,41,47,47,52,35,45,21,48,45,50,51,59,67,58,71,69,74,65,64,86,102,129,106,538,474,473,455,538,523]} 1. e4 c5 2. Nf3 Nc6 3. d4 cxd4 4. Nxd4 g6 5. c4 Nf6 6. Nc3 Nxd4 7. Qxd4 d6 8. Be2 Bg7 9. Be3 O-O 10. Qd2 Be6 11. Rc1 Qa5 12. f3 Rfc8 13. b3 a6 14. Na4 Qxd2+ 15. Kxd2 Nd7 16. g4 Rc6 {B36: Sizilianisch (Maroczy-Aufbau)} (16... f5 17. gxf5 gxf5 18. Rhg1 Kh8 19. Bd3 f4 20. Bf2 Bf6 21. Nb6 Nxb6 22. Bxb6 Rg8 23. a4 Rxg1 24. Rxg1 a5 {½-½ (75) Malakhov,V (2686)-Guseinov,G (2646) Riadh 2017}) 17. Nc3 {LiveBook: 13 Partien} Rac8 18. Nd5 Bxd5 {Weiß steht etwas besser.} 19. exd5 R6c7 20. f4 Bb2 $146 ({Vorgänger:} 20... Nc5 21. Bf3 a5 22. Rb1 Kf8 23. Rhc1 Ra8 24. h4 {½-½ (78) Eswaran,A (1519)-Dhyana,P (1751) Pocos de Caldas 2017}) 21. Rb1 Bg7 22. Rhc1 Nc5 23. b4 $36 {[%mdl 2048] Weiss steht aktiver.} Ne4+ 24. Kd3 f5 25. gxf5 $1 gxf5 {Weiss sollte ...b5 verhindern.} 26. Rc2 b5 27. Rbc1 {[#] cxb5 ist eine echte Drohung.} bxc4+ 28. Rxc4 Nc3 $2 {[%mdl 8192]} (28... Rxc4 $16 29. Rxc4 Rb8) 29. Rxc7 {Weiß steht klar auf Gewinn.} Rxc7 30. Bf3 Kf8 {[#]} 31. a4 $1 {[%mdl 512] Precision: Weiß = 84%, Schwarz = 27%.} 1-0

[Event "HUN-ch Rapid 2018"]
[Site "Ajka"]
[Date "2018.07.21"]
[Round "7"]
[White "Medvegy, Zoltan"]
[Black "Banusz, Tamas"]
[Result "0-1"]
[WhiteElo "2542"]
[BlackElo "2592"]
[Annotator "TA"]
[PlyCount "72"]
[EventDate "2018.07.20"]
[EventType "swiss"]
[EventCountry "HUN"]
[SourceTitle "playchess.com"]
[Source "ChessBase"]
[SourceQuality "1"]

{[%evp 18,72,21,14,19,23,8,10,34,50,54,38,51,32,114,66,97,83,171,166,283,270,370,370,350,359,471,462,430,239,237,167,277,309,321,57,77,0,0,0,0,0,64,-324,-332,-452,-430,-420,-403,-459,-444,-547,-539,-594,-587,-650,-653]} 1. d4 d5 2. Bf4 Nf6 3. e3 c5 4. c3 Nc6 5. Nd2 e6 6. Ngf3 cxd4 7. exd4 {D02: Damenbauernspiele} Nh5 8. Be3 Bd6 9. Ne5 g6 10. Nd3 {LiveBook: 9 Partien} Ng7 11. g3 Nf5 $146 ({Vorgänger:} 11... f6 12. Bg2 Nf5 13. O-O O-O 14. Re1 Kg7 {1-0 (44) Berkes,F (2658)-Banusz,T (2629) Budapest 2017}) 12. Bg2 Nxe3 13. fxe3 h5 14. Qf3 h4 15. O-O-O Qc7 (15... f5 $14) 16. Kb1 Bd7 17. e4 dxe4 (17... O-O-O $16) 18. Nxe4 $18 f5 (18... O-O-O $142) 19. Nf6+ Kf7 {[%cal Be8f7,Bf7g7,Bg7h6][%mdl 32]} 20. Nxd7 Qxd7 21. d5 Ne7 22. dxe6+ Qxe6 23. g4 (23. Rhe1 $142 Qf6 24. Qxb7) 23... Kg7 24. Rhe1 Qf6 (24... Qf7 {war angesagt.} 25. Qxb7 fxg4) 25. gxf5 ({Viel schwächer ist} 25. Qxb7 $6 Rhb8 $18) 25... Nxf5 26. Nf4 $2 {[#]} (26. Qxb7+ $18 Ne7 27. Re2) 26... Rae8 $1 $14 27. Qxb7+ (27. Rg1 $16) 27... Kh6 $1 $11 28. Rxe8 Rxe8 29. Qc6 Rd8 (29... Rf8 $1 $11 30. Qe4 Qe5 31. Nxg6 Kxg6 32. Qg4+ Kh6) 30. Re1 $2 {[%mdl 8192]} (30. Be4 $14 {behält die Oberhand.}) 30... Ne7 $19 31. Rxe7 Qxe7 (31... Bxe7 $2 32. Qxf6 Bxf6 33. h3 $19) 32. Nd3 Bxh2 33. Be4 {[%csl Ge4][%cal Rc6g6] [#]} Rd6 {Schwarz steht klar auf Gewinn.} 34. Qc4 Bg3 35. b4 h3 36. Kc2 Qe6 {Precision: Weiß = 35%, Schwarz = 40%.} 0-1